LIBRARY & INFORMATION CENTRE, KCAET, TAVANUR

ONLINE PUBLIC ACCESS CATALOGUE (OPAC)

Musafar Ahammed adhasthitharude vimochakan | മുസഫര്‍ അഹമ്മദ് അധസ്ഥിതരുടെ വിമോചകന്‍ (Record no. 19517)

MARC details
000 -LEADER
fixed length control field 00562nam a22001697a 4500
003 - CONTROL NUMBER IDENTIFIER
control field OSt
008 - FIXED-LENGTH DATA ELEMENTS--GENERAL INFORMATION
fixed length control field 250909b |||||||| |||| 00| 0 eng d
041 ## - LANGUAGE CODE
Language code of text/sound track or separate title mal
082 ## - DEWEY DECIMAL CLASSIFICATION NUMBER
Classification number 923.5
Item number SAT/MU
100 ## - MAIN ENTRY--AUTHOR NAME
Personal name Sathyarthi, M. N
245 ## - TITLE STATEMENT
Title Musafar Ahammed adhasthitharude vimochakan
Remainder of title മുസഫര്‍ അഹമ്മദ് അധസ്ഥിതരുടെ വിമോചകന്‍
260 ## - PUBLICATION, DISTRIBUTION, ETC. (IMPRINT)
Place of publication Kozhikode :
Name of publisher Progress Publication,
Year of publication 2013.
300 ## - PHYSICAL DESCRIPTION
Number of Pages 159 p.
650 ## - SUBJECT ADDED ENTRY--TOPICAL TERM
Topical Term Biography- communist
700 ## - ADDED ENTRY--PERSONAL NAME
Personal name Ahammed, Musafer
942 ## - ADDED ENTRY ELEMENTS (KOHA)
Koha item type Books
Holdings
Withdrawn status Lost status Damaged status Home library Current library Date acquired Source of acquisition Cost, normal purchase price Full call number Accession Number Koha item type
      KAUAET KAUAET 09/09/2025 Donated by KT Jaleel MLA 130.00 923.5 SAT/MU 26330 Books
free website counter